000 00350nam a22001457a 4500
008 210426b ||||| |||| 00| 0 eng d
020 _a0721628087
041 _aeng
080 _22nd
_a617
082 _a617
100 _a8
101 _aORT
245 _aHandbook of Small Animal Orthopedics & Fracture Treatment
_cBrinker,W.O
942 _2udc
_cBK
999 _c56704
_d56704